000 00536nam a2200205Ia 4500
005 20250508165051.0
008 008 250505s9999 xx 000 0 hin d
020 _a81-7178-172-1
037 _aTextual
040 _aFEDL
_beng
_cFEDL
041 _ahin
_2hin
084 _a891.433, SAH
_qFEDL
100 _aSahni Bhishma
_9392614
245 0 _aTamas
260 _aNew Delhi, India
_bRajkamal Prakashan
_c1995
300 _a260p.
546 _aMACESE
942 _cTEXL
_h891.433, SAH
999 _c1392957
_d1392957